El Dilema de la Educación: ¿Problema Técnico o Transformación de la Conciencia Social? /

Este libro contiene cinco ensayos referidos a la discusión sobre el papel social de la educación: ¿se trata de una cuestión técnica en el contexto del desarrollo nacional, o por el contrario, la educación, en tanto formadora de la conciencia social se constituye en requisito necesario para el cambio...

Повний опис

Збережено в:
Бібліографічні деталі
Автор: Castro, María Inés (autor)
Формат: Книга
Мова:Іспанська
Опубліковано: México : UNAM, 1989
Серія:(Cuadernos del Centro de Estudios sobre la Universidad)
Предмети:
Теги: Додати тег
Немає тегів, Будьте першим, хто поставить тег для цього запису!

MARC

LEADER 00000nam^a2200000^a^4500
001 000026789
005 20250521000000.0
009 20260310084744.806
020 |a 968-36-0931-7 
037 |a Acervo ITESO - Biblioteca 
041 |a ESP 
082 |a 370. 1933  |b CAS 
100 |a Castro, María Inés  |e (autor) 
245 1 3 |a El Dilema de la Educación: ¿Problema Técnico o Transformación de la Conciencia Social? /  |c M.I. Castro. 
264 1 |a México :  |b UNAM,  |c 1989 
300 |a 66 p. 
336 |a texto  |b txt  |2 rdacontenido 
337 |a sin mediación  |b n  |2 rdamedio 
338 |a volumen  |b nc  |2 rdasoporte 
440 1 |a (Cuadernos del Centro de Estudios sobre la Universidad) 
520 |a Este libro contiene cinco ensayos referidos a la discusión sobre el papel social de la educación: ¿se trata de una cuestión técnica en el contexto del desarrollo nacional, o por el contrario, la educación, en tanto formadora de la conciencia social se constituye en requisito necesario para el cambio?. Contenido: La Economía de la Educación y la Expansión Educativa; Educación No Formal y Desarrollo Rural; La Innovación Educativa en las Areas de Participación y Dirección de los Centros Educativos; La Formación Docente: Un Enfoque Interdisciplinario; El Currículum y la Escuela. 
649 |a XX 
650 |a Sociología de la Educación 
650 |a Sociología de la Educación 
650 |a Educación y Desarrollo 
650 |a Formación y Capacitación de Profesores 
910 |a Fondo General 
920 |a Impresos - Libros 
930 |a Colección General 
905 |a 101 
901 |a 0267890100  |b IT1  |c ACC  |i 026789  |u 20250521 
902 |a https://opac.biblio.iteso.mx/vufind/Record/000026789